| 000 | 01037cam a2200217 4500 | ||
|---|---|---|---|
| 001 | WB3816-10 | ||
| 008 | 020430n2002 000 0 eng u | ||
| 035 | _a(Sirsi) u117775 | ||
| 245 | _aBusiness opinion survey | ||
| 260 | _c2002 | ||
| 490 |
_aRICS Management Consultancy Faculty News _v29 April 2002, (1) |
||
| 520 | _aInstitute of Directors' (IOD) "Business opinion survey" for Q1 2002 indicates higher optimism amongst the business community. The report shows forward looking indicators such as companiesα order books are pointing towards recovery. Manufacturing companies continued to under perform the general economy, however improvements were noted in export order books. IOD at http://www.iod.com. http://www.rics.org/ricscms/bin/show?class=News&template=/includes/shownews.html&id=2379 | ||
| 590 | _aWB | ||
| 650 | _aINSTITUTE OF DIRECTORS | ||
| 650 | _aBUSINESS COMMUNITY | ||
| 650 | _aMANUFACTURING INDUSTRY | ||
| 650 | _aBUSINESS CONFIDENCE | ||
| 650 | _aECONOMY | ||
| 690 | _aECONOMIC ISSUES | ||
| 942 | _n0 | ||
| 999 |
_c70126 _d70126 |
||